01466nam a2200169Ia 4500001001300000003001000013008004100023040002500064041000700089100002100096245005100117250001100168260002500179300001200204500103800216650004201254b7059-51322 IT-MiCISF161014s9999||||xx |||||||||||||| ||und|| aIT-MiCISFcIT-MiCISF ait aPepicelli Renata 0aIl velo dell'IslambStoria, politica, estetica a1a ed. a RomabCaroccic2012 app. 157 a / storia, politica, società, famiglia, ruoli-familiari, donna, religioni-non-cristiane / Attorno alla questione del velo infuria un dibattito molto acceso sia nei paesi musulmani sia in quelli occidentali. Chi lo indossa vede in esso l'espressione della propria identità religiosa e culturale e, in alcuni casi, politica; chi lo critica lo considera un ritorno al passato, la prova evidente del diffondersi di un Islam oscurantista e misogino. In Occidente, dove è sempre più frequente incontrare donne velate, quest'indumento rappresenta spesso l'emblema della sottomissione femminile e del rifiuto ad integrarsi. Ma che cosa è questo pezzo di stoffa che suscita tanto clamore? Qual è il suo significato? Per quali ragioni è in crescita il numero delle donne che si velano? Perché si va diffondendo la moda islamica? Il volume risponde a queste domande, affrontando la questione da un punto di vista storico, religioso e sociopolitico, in una prospettiva temporale che va dall'alba dell'Islam fino ai giorni nostri. a Identità e genere / societàe003